The communications revolution / (Record no. 2204)

000 -LEADER
fixed length control field nam a22 7a 4500
005 - DATE AND TIME OF LATEST TRANSACTION
control field 20170515154013.0
008 - FIXED-LENGTH DATA ELEMENTS--GENERAL INFORMATION
fixed length control field 170515b1982 enk||||| |||| 00| 0 eng d
020 ## - INTERNATIONAL STANDARD BOOK NUMBER
International Standard Book Number 0803917821 (hardcover)
-- 080391783X (softcover)
040 ## - CATALOGING SOURCE
Original cataloging agency AKMAL
082 ## - DEWEY DECIMAL CLASSIFICATION NUMBER
Classification number 384.55564 BRE
090 ## - LOCALLY ASSIGNED LC-TYPE CALL NUMBER (OCLC); LOCAL CALL NUMBER (RLIN)
Classification number (OCLC) (R) ; Classification number, CALL (RLIN) (NR) 384.55564
Local cutter number (OCLC) ; Book number/undivided call number, CALL (RLIN) BRE
100 1# - MAIN ENTRY--PERSONAL NAME
Personal name Williams, Frederick,
Dates associated with a name 1933-
9 (RLIN) 699
245 14 - TITLE STATEMENT
Title The communications revolution /
Statement of responsibility, etc. Frederick Williams
260 ## - PUBLICATION, DISTRIBUTION, ETC.
Place of publication, distribution, etc. Beverly Hills ;
-- London :
Name of publisher, distributor, etc. Sage,
Date of publication, distribution, etc. c1982
300 ## - PHYSICAL DESCRIPTION
Extent 291p. :
Other physical details ill. ;
Dimensions 23cm
500 ## - GENERAL NOTE
General note Bibliography: p281-285. _ Includes index.
650 #0 - SUBJECT ADDED ENTRY--TOPICAL TERM
Topical term or geographic name entry element Telecommunication.
9 (RLIN) 4638
942 ## - ADDED ENTRY ELEMENTS (KOHA)
Source of classification or shelving scheme
Koha item type Book
Holdings
Withdrawn status Lost status Source of classification or shelving scheme Damaged status Not for loan Collection code Home library Current library Shelving location Date acquired Inventory number Full call number Barcode Date last seen Price effective from Koha item type Public note
          NON-FICTION AKMAL Melaka AKMAL Melaka PINJAMAN 15.05.2017 301765 384.55564 BRE 201706535 15.05.2017 15.05.2017 Book Dilupuskan. No. Fail. ARKIBMLK.600-6/9/1 Jld.8 ( )
          NON-FICTION AKMAL Melaka AKMAL Melaka PINJAMAN 15.05.2017 301789 384.55564 BRE 201706534 15.05.2017 15.05.2017 Book Dilupuskan. No. Fail. ARKIBMLK.600-6/9/1 Jld.8 ( )
Pusat Sumber Maklumat Dato' Haji Sarmin Md Hussin, Akademi Kastam Diraja Malaysia, Melaka
Tel: 06-2331106 | Faks: 06-2313787